000 00573nam a2200193Ia 4500
008 151121s9999||||xx |||||||||||||| ||und||
082 _a813/साळोखे
082 _bHNW-45289
100 _aसाळोखे विलास
245 _aमिथुन
260 _b"गुरु ¡é प्रकाशन, कोल्हापूर"
260 _c--
300 _a102
600 _aसाळोखे विलास
630 _aमिथुन
700 _aसाळोखे विलास
730 _aमिथुन
942 _cBOOK
999 _c1232441
_d1232438